Kavárna U Anděla: Nová doba

Saved in:
Bibliographic Details
Main Author Anne, Jacobsová, alias, Marie, Lamballe
Format Electronic eBook
LanguageCzech
Published Ikar 2025
Edition1. elektronické vydání
Subjects
Online AccessDostupné v BOOKPORT po přihlášení pomocí eduID
ISBN978-80-249-5621-3
978-80-249-5620-6
Physical Description1 online zdroj (392 stran)

Cover

LEADER 00000nam a2200000 i 4500
001 bkp794768817
003 CZ-prgp
005 20260528101121.0
006 m o d
007 cr cn
008 260528s2025 xr o 000 1 cze
020 |a 978-80-249-5621-3  |c 289 Kč  |q (online ; epub) 
020 |a 978-80-249-5620-6  |c 289 Kč  |q (print) 
040 |a Grada  |b cze  |e rda 
100 1 |a Anne, Jacobsová, alias, Marie, Lamballe 
245 1 0 |a Kavárna U Anděla: Nová doba  |c Lamballe Anne Jacobsová alias Marie 
250 |a 1. elektronické vydání 
264 1 |b Ikar  |c 2025 
300 |a 1 online zdroj (392 stran) 
336 |a text  |b txt  |2 rdacontent 
337 |a počítač  |b c  |2 rdamedia 
338 |a online zdroj  |b cr  |2 rdacarrier 
520 3 |a KAVÁRNA S BOHATOU TRADICÍ - STATEČNÁ RODINA - ZAKÁZANÁ LÁSKA Strhující příběh jedné kavárenské dynastie na přelomu 20. století Wiesbaden, 1945 Mladá Hilda sotva dokáže uvěřit svému štěstí. Válka skončila a kavárna U Anděla zůstala jako zázrakem ušetřena. Přes všechny překážky chce tento rodinný podnik s bohatou tradicí opět učinit skvělým místem setkávání významných osobností, čímž byl proslulý dříve. Mladý mír však již brzy zkalí první konflikty. Když přijde do kavárny půvabná mladá žena a představí se jako její sestřenice Luisa, vyvolá to v Hildě nedůvěru. Kdo je tahle záhadná Luisa, která se z Východního Pruska dostala až do Wiesbadenu? Narůstající rivalita mezi oběma ženami ohrožuje harmonickou atmosféru v kavárně. Dokud Hilda i Luisa nakonec nepochopí, že mají cosi společného - tajemství z válečné doby, jež je dodnes děsí. 
650 0 4 |a Historické romány 
650 0 4 |a Společenské romány 
650 0 4 |a Světová současná beletrie 
856 4 0 |u https://www.bookport.cz/AccountSaml/SignIn/?idp=https://shibboleth.utb.cz/idp/shibboleth&returnUrl=/kniha/kavarna-u-andela-nova-doba-16138/  |y Dostupné v BOOKPORT po přihlášení pomocí eduID